<?xml version="1.0" encoding="UTF-8"?>
<collection xmlns="http://www.loc.gov/MARC21/slim">
 <record>
  <leader>04362cam a2200829   4500</leader>
  <controlfield tag="001">1077789602</controlfield>
  <controlfield tag="003">DE-627</controlfield>
  <controlfield tag="005">20240401183651.0</controlfield>
  <controlfield tag="007">tu</controlfield>
  <controlfield tag="008">850101s1950    gw |||||      00| ||ger c</controlfield>
  <datafield tag="016" ind1="7" ind2=" ">
   <subfield code="a">451419391</subfield>
   <subfield code="2">DE-101</subfield>
  </datafield>
  <datafield tag="020" ind1=" " ind2=" ">
   <subfield code="c"> : 18. (Lw.)</subfield>
  </datafield>
  <datafield tag="035" ind1=" " ind2=" ">
   <subfield code="a">(DE-627)1077789602</subfield>
  </datafield>
  <datafield tag="035" ind1=" " ind2=" ">
   <subfield code="a">(DE-576)007789602</subfield>
  </datafield>
  <datafield tag="035" ind1=" " ind2=" ">
   <subfield code="a">(DE-599)BSZ007789602</subfield>
  </datafield>
  <datafield tag="035" ind1=" " ind2=" ">
   <subfield code="a">(OCoLC)163149430</subfield>
  </datafield>
  <datafield tag="035" ind1=" " ind2=" ">
   <subfield code="a">(OCoLC)163149430</subfield>
  </datafield>
  <datafield tag="035" ind1=" " ind2=" ">
   <subfield code="a">(DE-604)8022364730</subfield>
  </datafield>
  <datafield tag="040" ind1=" " ind2=" ">
   <subfield code="a">DE-627</subfield>
   <subfield code="b">ger</subfield>
   <subfield code="c">DE-627</subfield>
   <subfield code="e">rakwb</subfield>
  </datafield>
  <datafield tag="041" ind1=" " ind2=" ">
   <subfield code="a">ger</subfield>
  </datafield>
  <datafield tag="044" ind1=" " ind2=" ">
   <subfield code="c">XA-DE</subfield>
  </datafield>
  <datafield tag="050" ind1=" " ind2="0">
   <subfield code="a">NE2115.R4</subfield>
  </datafield>
  <datafield tag="084" ind1=" " ind2=" ">
   <subfield code="a">12a</subfield>
   <subfield code="2">sdnb</subfield>
  </datafield>
  <datafield tag="084" ind1=" " ind2=" ">
   <subfield code="a">9,10</subfield>
   <subfield code="2">ssgn</subfield>
  </datafield>
  <datafield tag="084" ind1=" " ind2=" ">
   <subfield code="a">LI 71007</subfield>
   <subfield code="2">rvk</subfield>
   <subfield code="0">(DE-625)rvk/96918:13285</subfield>
  </datafield>
  <datafield tag="084" ind1=" " ind2=" ">
   <subfield code="a">20.31</subfield>
   <subfield code="2">bkl</subfield>
  </datafield>
  <datafield tag="084" ind1=" " ind2=" ">
   <subfield code="a">21.32</subfield>
   <subfield code="2">bkl</subfield>
  </datafield>
  <datafield tag="100" ind1="1" ind2=" ">
   <subfield code="a">Gaffron, Mercedes</subfield>
   <subfield code="d">1908-1993</subfield>
   <subfield code="0">(DE-588)137225318</subfield>
   <subfield code="0">(DE-627)694964182</subfield>
   <subfield code="0">(DE-576)302823263</subfield>
   <subfield code="4">aut</subfield>
  </datafield>
  <datafield tag="245" ind1="1" ind2="4">
   <subfield code="a">Die Radierungen Rembrandts</subfield>
   <subfield code="b">Originale u. Drucke; Studien ueber Inhalt u. Komposition</subfield>
   <subfield code="c">Mercedes Gaffron</subfield>
  </datafield>
  <datafield tag="246" ind1="3" ind2="3">
   <subfield code="a">Die Radierungen Rembrandts</subfield>
  </datafield>
  <datafield tag="264" ind1=" " ind2="1">
   <subfield code="a">Mainz</subfield>
   <subfield code="b">Kupferberg</subfield>
   <subfield code="c">1950</subfield>
  </datafield>
  <datafield tag="300" ind1=" " ind2=" ">
   <subfield code="a">156 S.</subfield>
   <subfield code="b">zahlr. Ill.</subfield>
  </datafield>
  <datafield tag="336" ind1=" " ind2=" ">
   <subfield code="a">Text</subfield>
   <subfield code="b">txt</subfield>
   <subfield code="2">rdacontent</subfield>
  </datafield>
  <datafield tag="337" ind1=" " ind2=" ">
   <subfield code="a">ohne Hilfsmittel zu benutzen</subfield>
   <subfield code="b">n</subfield>
   <subfield code="2">rdamedia</subfield>
  </datafield>
  <datafield tag="338" ind1=" " ind2=" ">
   <subfield code="a">Band</subfield>
   <subfield code="b">nc</subfield>
   <subfield code="2">rdacarrier</subfield>
  </datafield>
  <datafield tag="361" ind1="1" ind2=" ">
   <subfield code="5">DE-24</subfield>
   <subfield code="y">4034179295</subfield>
   <subfield code="s">StGA 13a/9</subfield>
   <subfield code="o">Vorbesitz</subfield>
   <subfield code="a">Kempner, Walter</subfield>
   <subfield code="0">(DE-588)137236069</subfield>
   <subfield code="0">(DE-627)694971332</subfield>
   <subfield code="0">(DE-576)302828494</subfield>
  </datafield>
  <datafield tag="361" ind1="1" ind2=" ">
   <subfield code="5">DE-24</subfield>
   <subfield code="y">4162928304</subfield>
   <subfield code="s">StGA 07a/44</subfield>
   <subfield code="o">Vorbesitz</subfield>
   <subfield code="a">Kempner, Walter</subfield>
   <subfield code="0">(DE-588)137236069</subfield>
   <subfield code="0">(DE-627)694971332</subfield>
   <subfield code="0">(DE-576)302828494</subfield>
  </datafield>
  <datafield tag="361" ind1="1" ind2=" ">
   <subfield code="a">Schlayer, Clotilde</subfield>
   <subfield code="5">DE-24</subfield>
   <subfield code="y">4162928304</subfield>
   <subfield code="s">StGA 07a/44</subfield>
   <subfield code="o">Vorbesitz</subfield>
   <subfield code="0">(DE-588)105704091</subfield>
   <subfield code="0">(DE-627)613778294</subfield>
   <subfield code="0">(DE-576)162915861</subfield>
  </datafield>
  <datafield tag="561" ind1=" " ind2=" ">
   <subfield code="5">DE-24</subfield>
   <subfield code="3">Exemplarsatz-ID: 4034179295, Signatur: StGA 13a/9</subfield>
   <subfield code="a">Vorbesitz: Kempner, Walter ; http://d-nb.info/gnd/137236069</subfield>
  </datafield>
  <datafield tag="561" ind1=" " ind2=" ">
   <subfield code="5">DE-24</subfield>
   <subfield code="3">Exemplarsatz-ID: 4162928304, Signatur: StGA 07a/44</subfield>
   <subfield code="a">Vorbesitz: Kempner, Walter ; http://d-nb.info/gnd/137236069</subfield>
  </datafield>
  <datafield tag="561" ind1=" " ind2=" ">
   <subfield code="5">DE-24</subfield>
   <subfield code="3">Exemplarsatz-ID: 4162928304, Signatur: StGA 07a/44</subfield>
   <subfield code="a">Vorbesitz: Schlayer, Clotilde ; http://d-nb.info/gnd/105704091</subfield>
  </datafield>
  <datafield tag="583" ind1="1" ind2=" ">
   <subfield code="a">Archivierung/Langzeitarchivierung gewährleistet</subfield>
   <subfield code="f">SLG</subfield>
   <subfield code="z">StGA</subfield>
   <subfield code="2">pdager</subfield>
   <subfield code="5">DE-24</subfield>
  </datafield>
  <datafield tag="583" ind1="1" ind2=" ">
   <subfield code="a">Massenentsäuert</subfield>
   <subfield code="c">2016</subfield>
   <subfield code="k">DE-18</subfield>
   <subfield code="2">pdager</subfield>
   <subfield code="5">DE-18-308</subfield>
  </datafield>
  <datafield tag="583" ind1="1" ind2=" ">
   <subfield code="a">Archivierung prüfen</subfield>
   <subfield code="c">20200919</subfield>
   <subfield code="f">DE-640</subfield>
   <subfield code="z">1</subfield>
   <subfield code="2">pdager</subfield>
  </datafield>
  <datafield tag="583" ind1="1" ind2=" ">
   <subfield code="a">Archivierung/Langzeitarchivierung gewährleistet</subfield>
   <subfield code="f">SLG</subfield>
   <subfield code="z">StGA</subfield>
   <subfield code="2">pdager</subfield>
   <subfield code="5">DE-24</subfield>
  </datafield>
  <datafield tag="583" ind1="1" ind2=" ">
   <subfield code="a">Archivierung/Langzeitarchivierung gewährleistet</subfield>
   <subfield code="f">SSG</subfield>
   <subfield code="x">XA-DE-BW</subfield>
   <subfield code="2">pdager</subfield>
   <subfield code="5">DE-16</subfield>
  </datafield>
  <datafield tag="600" ind1="1" ind2="0">
   <subfield code="a">Rembrandt Harmenszoon van Rijn</subfield>
  </datafield>
  <datafield tag="630" ind1="0" ind2="7">
   <subfield code="0">(DE-588)1293023159</subfield>
   <subfield code="0">(DE-627)1850488770</subfield>
   <subfield code="a">Nachlass Clotilde Schlayer</subfield>
   <subfield code="a">DE-24/stga</subfield>
   <subfield code="2">gnd</subfield>
   <subfield code="7">(dpeaa)DE-24/stga</subfield>
  </datafield>
  <datafield tag="630" ind1="0" ind2="7">
   <subfield code="0">(DE-588)1297194659</subfield>
   <subfield code="0">(DE-627)1853522163</subfield>
   <subfield code="a">Kryptoteilnachlass Walter Kempner</subfield>
   <subfield code="p">Bibliothek Walter Kempner</subfield>
   <subfield code="a">DE-24/stga</subfield>
   <subfield code="2">gnd</subfield>
   <subfield code="7">(dpeaa)DE-24/stga</subfield>
  </datafield>
  <datafield tag="655" ind1=" " ind2="7">
   <subfield code="a">Bildband</subfield>
   <subfield code="0">(DE-588)4145395-5</subfield>
   <subfield code="0">(DE-627)104450835</subfield>
   <subfield code="0">(DE-576)209741139</subfield>
   <subfield code="2">gnd-content</subfield>
  </datafield>
  <datafield tag="689" ind1="0" ind2="0">
   <subfield code="d">p</subfield>
   <subfield code="0">(DE-588)11859964X</subfield>
   <subfield code="0">(DE-627)133823814</subfield>
   <subfield code="0">(DE-576)317885871</subfield>
   <subfield code="a">Rembrandt</subfield>
   <subfield code="c">Harmensz van Rijn</subfield>
   <subfield code="d">1606-1669</subfield>
   <subfield code="2">gnd</subfield>
  </datafield>
  <datafield tag="689" ind1="0" ind2="1">
   <subfield code="d">s</subfield>
   <subfield code="0">(DE-588)4048166-9</subfield>
   <subfield code="0">(DE-627)106192051</subfield>
   <subfield code="0">(DE-576)209076429</subfield>
   <subfield code="a">Radierung</subfield>
   <subfield code="2">gnd</subfield>
  </datafield>
  <datafield tag="689" ind1="0" ind2=" ">
   <subfield code="5">(DE-627)</subfield>
  </datafield>
  <datafield tag="689" ind1="1" ind2="0">
   <subfield code="d">p</subfield>
   <subfield code="0">(DE-588)11859964X</subfield>
   <subfield code="0">(DE-627)133823814</subfield>
   <subfield code="0">(DE-576)317885871</subfield>
   <subfield code="a">Rembrandt</subfield>
   <subfield code="c">Harmensz van Rijn</subfield>
   <subfield code="d">1606-1669</subfield>
   <subfield code="2">gnd</subfield>
  </datafield>
  <datafield tag="689" ind1="1" ind2="1">
   <subfield code="d">s</subfield>
   <subfield code="0">(DE-588)4048166-9</subfield>
   <subfield code="0">(DE-627)106192051</subfield>
   <subfield code="0">(DE-576)209076429</subfield>
   <subfield code="a">Radierung</subfield>
   <subfield code="2">gnd</subfield>
  </datafield>
  <datafield tag="689" ind1="1" ind2=" ">
   <subfield code="5">(DE-627)</subfield>
  </datafield>
  <datafield tag="700" ind1="0" ind2=" ">
   <subfield code="a">Rembrandt</subfield>
   <subfield code="c">Harmensz van Rijn</subfield>
   <subfield code="d">1606-1669</subfield>
   <subfield code="0">(DE-588)11859964X</subfield>
   <subfield code="0">(DE-627)133823814</subfield>
   <subfield code="0">(DE-576)317885871</subfield>
   <subfield code="4">oth</subfield>
  </datafield>
  <datafield tag="787" ind1="0" ind2="8">
   <subfield code="i">Rezensiert in</subfield>
   <subfield code="a">Roosen-Runge, Heinz, 1912 - 1983</subfield>
   <subfield code="t">[Rezension von: Mercedes Gaffron, Die Radierungen Rembrandts]</subfield>
   <subfield code="d">Nürnberg : Carl, 1951</subfield>
   <subfield code="w">(DE-627)1727420314</subfield>
  </datafield>
  <datafield tag="889" ind1=" " ind2=" ">
   <subfield code="w">(DE-576)9176363570</subfield>
  </datafield>
  <datafield tag="889" ind1=" " ind2=" ">
   <subfield code="w">(DE-627)176363572</subfield>
  </datafield>
  <datafield tag="935" ind1=" " ind2=" ">
   <subfield code="a">StGB</subfield>
  </datafield>
  <datafield tag="935" ind1=" " ind2=" ">
   <subfield code="i">mdedup</subfield>
  </datafield>
  <datafield tag="936" ind1="r" ind2="v">
   <subfield code="a">LI 71007</subfield>
   <subfield code="b">der Künstler als Zeichner, Grafiker</subfield>
   <subfield code="k">Kunstgeschichte</subfield>
   <subfield code="k">Künstler-Monografien</subfield>
   <subfield code="k">Alphabetische Künstlerliste</subfield>
   <subfield code="k">Künstler R</subfield>
   <subfield code="k">Rembrandt Harmensz. van Rijn (bis 71010)</subfield>
   <subfield code="k">der Künstler als Zeichner, Grafiker</subfield>
   <subfield code="0">(DE-627)1270879472</subfield>
   <subfield code="0">(DE-625)rvk/96918:13285</subfield>
   <subfield code="0">(DE-576)200879472</subfield>
  </datafield>
  <datafield tag="936" ind1="b" ind2="k">
   <subfield code="a">20.31</subfield>
   <subfield code="j">Bildende Künstler</subfield>
   <subfield code="0">(DE-627)181571080</subfield>
  </datafield>
  <datafield tag="936" ind1="b" ind2="k">
   <subfield code="a">21.32</subfield>
   <subfield code="j">Geschichte der Graphik</subfield>
   <subfield code="0">(DE-627)106405756</subfield>
  </datafield>
  <datafield tag="951" ind1=" " ind2=" ">
   <subfield code="a">BO</subfield>
  </datafield>
  <datafield tag="990" ind1=" " ind2=" ">
   <subfield code="a">Rembrandt &lt;Harmensz van Rijn&gt; </subfield>
  </datafield>
  <datafield tag="990" ind1=" " ind2=" ">
   <subfield code="a">Radierung</subfield>
  </datafield>
  <datafield tag="990" ind1=" " ind2=" ">
   <subfield code="a">Rembrandt &lt;Harmensz van Rijn&gt; </subfield>
  </datafield>
  <datafield tag="990" ind1=" " ind2=" ">
   <subfield code="a">Radierung</subfield>
  </datafield>
  <datafield tag="991" ind1=" " ind2=" ">
   <subfield code="a">Rezensiertes Werk</subfield>
  </datafield>
  <datafield tag="999" ind1=" " ind2=" ">
   <subfield code="a">KXP-PPN1077789602</subfield>
   <subfield code="e">4039899806</subfield>
  </datafield>
 </record>
</collection>
